[Event "Prague Menchik Memorial rapid"]
[Site "Prague"]
[Date "2019.06.09"]
[Round "8"]
[White "Budinsky, Petr"]
[Black "Krnak, Vladimir"]
[Result "0-1"]
[WhiteElo "1938"]
[BlackElo "1691"]
[PlyCount "51"]
[EventDate "2019.06.09"]
[EventType "swiss (rapid)"]
[EventRounds "9"]
[EventCountry "CSR"]
[SourceTitle "CBM 190 Extra"]
[Source "ChessBase"]
[SourceDate "2019.07.15"]
[SourceVersion "1"]
[SourceVersionDate "2019.07.15"]
[SourceQuality "1"]

1. e4 e6 2. d4 d5 3. exd5 exd5 4. c4 c6 5. Nc3 Nf6 6. Bd3 dxc4 7. Bxc4 Be7 8. Nge2 0-0 9. 0-0 Nbd7 10. Bg5 h6 11. Bh4 Nb6 12. Bb3 Bf5 13. Bc2 Qd7 14. Re1 Rfe8 15. Qb1 Bxc2 16. Qxc2 Rad8 17. Rad1 Nbd5 18. Nxd5 Nxd5 19. Bxe7 Qxe7 20. Qd2 Qf6 21. Nc3 Rxe1+ 22. Qxe1 Nf4 23. Qe4 g5 24. g3 Nh3+ 25. Kg2 Nxf2 26. Kg1 0-1